Innovation and creativity

Saved in:
Bibliographic Details
Main Author: Ceserani
Other Authors: Greatwood
Format: Book
Published: London Kogan page 1995
Subjects:
Tags: Add Tag
No Tags, Be the first to tag this record!
Call Number :HD 53 C58 1995

MARC

LEADER 00000pam a2200000 4500
001 18701
003 MY-KLNDU
005 20241218061220.0
020 0 0 |a 0749415932 
035 |a 0000018414 
039 9 |y 200910091008  |z VLOAD 
090 0 0 |a HD 53  |b C58 1995 
100 1 0 |a Ceserani  |h Jonne 
245 1 0 |a Innovation and creativity  |c Jonne Ceserani,Peter Greatwood 
260 0 0 |a London  |b Kogan page  |c 1995 
300 |a 191p.  |b ill.  |c 24cm 
650 0 0 |a Problem solving 
650 0 0 |a Creative ability 
700 1 1 |a Greatwood  |h Peter 
999 |a vtls000018418  |c 18701  |d 18701